[Event "XV C.to Mondiale Seniores Over 65"]
[Site "Acqui Terme ITA"]
[Date "2015.11.19"]
[Round "9"]
[White "Vaisser, Anatoly"]
[Black "Balashov, Yuri S"]
[WhiteElo "2505"]
[BlackElo "2418"]
[Result "1/2-1/2"]
[PlyCount "92"]
[EventDate "2015.11.10"]

1. b3 e5 2. Bb2 d6 3. e3 Nc6 4. d4 exd4 5. exd4 d5 6. Nf3 Bd6 7. Be2 Nf6 8. O-O
O-O 9. c4 Re8 10. Nbd2 a6 11. Re1 Bf5 12. a3 Bf4 13. Nf1 Qd7 14. g3 Bd6 15. Ne3
Be4 16. c5 Bf8 17. Ne5 Qe6 18. Nxc6 Qxc6 19. f3 Bg6 20. Qd2 h5 21. Bf1 Qd7 22.
Ng2 Rxe1 23. Rxe1 Re8 24. Rxe8 Qxe8 25. Qf4 Qd7 26. Qe5 c6 27. Bc1 Qf5 28. Qxf5
Bxf5 29. b4 g6 30. a4 Bc2 31. b5 Bxa4 32. bxa6 bxa6 33. Bxa6 Ne8 34. Nf4 Nc7
35. Bb7 Bg7 36. Be3 Bb5 37. Kf2 Ne6 38. Nxe6 fxe6 39. f4 Bf6 40. h3 Kf7 41. Bc8
Bd8 42. Bd2 Bc7 43. g4 hxg4 44. hxg4 Bd8 45. Ke3 Bc4 46. Be1 Bb5 1/2-1/2

[Event "XV C.to Mondiale Seniores Over 65"]
[Site "Acqui Terme ITA"]
[Date "2015.11.19"]
[Round "9"]
[White "Van Riemsdijk, Herman C"]
[Black "Wahlbom, Magnus"]
[WhiteElo "2318"]
[BlackElo "2241"]
[Result "1-0"]
[PlyCount "55"]
[EventDate "2015.11.10"]

1. e4 c5 2. Nf3 d6 3. d4 cxd4 4. Nxd4 Nf6 5. Nc3 a6 6. Bg5 e6 7. Qd3 Be7 8.
O-O-O Nbd7 9. Be2 Qc7 10. Qg3 O-O 11. f4 Kh8 12. Bf3 Nc5 13. e5 dxe5 14. fxe5
Ng8 15. Bf4 Qb6 16. Nb3 Nxb3+ 17. axb3 Qc7 18. Kb1 Bd7 19. Nd5 exd5 20. e6 Qc8
21. exd7 Qxd7 22. Rxd5 Qc8 23. Re1 a5 24. Rb5 a4 25. Bxb7 Qd7 26. Qd3 Qg4 27.
Bxa8 Rxa8 28. Qe4 1-0

[Event "XV C.to Mondiale Seniores Over 65"]
[Site "Acqui Terme ITA"]
[Date "2015.11.19"]
[Round "9"]
[White "Vasiukov, Evgeni"]
[Black "Kupreichik, Viktor D"]
[WhiteElo "2392"]
[BlackElo "2369"]
[Result "1/2-1/2"]
[PlyCount "88"]
[EventDate "2015.11.10"]

1. e4 c5 2. Nf3 e6 3. Nc3 a6 4. g3 b5 5. Bg2 Bb7 6. d3 Nf6 7. O-O d6 8. Ng5 Nc6
9. f4 Be7 10. a4 b4 11. Ne2 O-O 12. Kh1 Rb8 13. b3 Nd7 14. Nh3 f5 15. exf5 exf5
16. Ng5 Bf6 17. Rb1 Qe7 18. Re1 Rbe8 19. Bd2 Bxg5 20. fxg5 Nde5 21. Bf4 Nd4 22.
Nxd4 Bxg2+ 23. Kxg2 cxd4 24. h3 Qb7+ 25. Kf2 Rf7 26. Re2 Rfe7 27. Rd2 Re6 28.
Qh1 Qxh1 29. Rxh1 Ng6 30. Kf3 Nxf4 31. Kxf4 g6 32. h4 Kg7 33. Rhh2 Re1 34. Rdf2
R8e3 35. Rf3 R3e2 36. Rff2 Rf1 37. Kf3 Rxc2 38. Rxf1 Rxh2 39. Rf2 Rh1 40. Rc2
Rb1 41. Rc7+ Kg8 42. Rc8+ Kf7 43. Rc7+ Kf8 44. Rc8+ Kf7 1/2-1/2

[Event "XV C.to Mondiale Seniores Over 65"]
[Site "Acqui Terme ITA"]
[Date "2015.11.19"]
[Round "9"]
[White "Zhelnin, Vladimir V"]
[Black "Sloth, Jorn"]
[WhiteElo "2469"]
[BlackElo "2311"]
[Result "1-0"]
[PlyCount "59"]
[EventDate "2015.11.10"]

1. e4 e6 2. d4 d5 3. Nc3 Nf6 4. Bg5 dxe4 5. Nxe4 Be7 6. Bxf6 gxf6 7. Nf3 f5 8.
Nc3 a6 9. g3 b5 10. Bg2 Bb7 11. O-O b4 12. Ne2 c5 13. a3 cxd4 14. axb4 d3 15.
cxd3 O-O 16. Nf4 Qd6 17. Nh5 Qxb4 18. h3 Ra7 19. Qe2 Bxf3 20. Bxf3 Rd7 21. Rfc1
h6 22. Rc4 Qd6 23. Rac1 Kh7 24. d4 Rg8 25. R1c3 Rgd8 26. Qc2 Rg8 27. Kg2 Kh8
28. d5 exd5 29. Rc6 Nxc6 30. Rxc6 1-0

[Event "XV C.to Mondiale Seniores Over 65"]
[Site "Acqui Terme ITA"]
[Date "2015.11.20"]
[Round "10"]
[White "Balashov, Yuri S"]
[Black "Karasev, Vladimir I"]
[WhiteElo "2418"]
[BlackElo "2344"]
[Result "1/2-1/2"]
[PlyCount "49"]
[EventDate "2015.11.10"]

1. e4 e5 2. Nf3 Nf6 3. Nxe5 d6 4. Nf3 Nxe4 5. d4 d5 6. Bd3 Be7 7. O-O O-O 8. c4
Nc6 9. Nc3 Nxc3 10. bxc3 dxc4 11. Bxc4 Na5 12. Bd3 c5 13. Qc2 h6 14. Qe2 cxd4
15. Nxd4 Bg5 16. Ba3 Re8 17. Qf3 Bd7 18. Rad1 Qc7 19. Nf5 Bxf5 20. Qxf5 g6 21.
Qg4 Rad8 22. h4 Qf4 23. Qxf4 Bxf4 24. Bb5 Nc6 25. Bxc6 1/2-1/2

[Event "XV C.to Mondiale Seniores Over 65"]
[Site "Acqui Terme ITA"]
[Date "2015.11.20"]
[Round "10"]
[White "Birnboim, Nathan"]
[Black "Aparicio, Anibal"]
[WhiteElo "2360"]
[BlackElo "2221"]
[Result "0-1"]
[PlyCount "102"]
[EventDate "2015.11.10"]

1. d4 Nf6 2. c4 g6 3. f3 c5 4. d5 Bg7 5. Nc3 d6 6. e4 Na6 7. Bg5 Nc7 8. Qd2 h6
9. Be3 Bd7 10. Bd3 e5 11. Rb1 b6 12. a3 Nh5 13. Nge2 Qh4+ 14. g3 Qe7 15. g4 Nf6
16. h4 Ng8 17. h5 Bf6 18. hxg6 fxg6 19. Kd1 Bh4 20. Kc2 g5 21. Rbg1 Nf6 22. Kb1
O-O-O 23. b4 Rdf8 24. Bc2 Nfe8 25. Ng3 Rxf3 26. Nf5 Bxf5 27. exf5 cxb4 28. axb4
Na6 29. Bd1 Rg3 30. Rxg3 Bxg3 31. Bxg5 Qc7 32. Ne4 Bf4 33. Bxf4 exf4 34. Qc3
Rh7 35. Bf3 Nb8 36. Re1 Qd8 37. Qd2 Nd7 38. Qxf4 Ne5 39. Nxd6+ Qxd6 40. Qxe5
Qxb4+ 41. Kc2 Nd6 42. Qc3 Qc5 43. Kb3 Rc7 44. Qb4 Qd4 45. Rc1 Qf4 46. Qc3 Kb7
47. Be2 Ne4 48. Qc2 Qe3+ 49. Ka2 Rc5 50. Bf1 Ra5+ 51. Kb1 Nd2+ 0-1

[Event "XV C.to Mondiale Seniores Over 65"]
[Site "Acqui Terme ITA"]
[Date "2015.11.20"]
[Round "10"]
[White "Boehnisch, Manfred"]
[Black "Kupreichik, Viktor D"]
[WhiteElo "2291"]
[BlackElo "2369"]
[Result "1/2-1/2"]
[PlyCount "88"]
[EventDate "2015.11.10"]

1. e4 e5 2. Nf3 Nc6 3. Nc3 Nf6 4. g3 d5 5. exd5 Nxd5 6. Bg2 Nxc3 7. bxc3 Bc5 8.
O-O O-O 9. d3 Bg4 10. Qe1 Re8 11. Be3 Bb6 12. Nd2 Qd7 13. Nb3 f5 14. Qd2 Rad8
15. Bg5 Ne7 16. a4 a5 17. c4 h6 18. Bxe7 Qxe7 19. h3 Bh5 20. Qc3 Bc5 21. Qxa5
Bb4 22. Qb5 c6 23. Qb6 e4 24. dxe4 fxe4 25. Qe3 Qf7 26. g4 Bg6 27. c5 Qc4 28.
Rfc1 Bc3 29. Bf1 Qb4 30. Rab1 Bf6 31. Qe1 Bc3 32. Qe3 Bf6 33. Qe1 Qxe1 34. Rxe1
e3 35. Bc4+ Kf8 36. Rxe3 Rxe3 37. fxe3 Bxc2 38. Rc1 Bxb3 39. Bxb3 Rd3 40. Be6
Rxe3 41. Bc8 Rb3 42. Rd1 Be7 43. Kg2 Bxc5 44. Rd8+ Ke7 1/2-1/2

[Event "XV C.to Mondiale Seniores Over 65"]
[Site "Acqui Terme ITA"]
[Date "2015.11.20"]
[Round "10"]
[White "Malmdin, Nils-Ake"]
[Black "Gutkin, Boris"]
[WhiteElo "2162"]
[BlackElo "2311"]
[Result "0-1"]
[PlyCount "58"]
[EventDate "2015.11.10"]

1. e4 c5 2. Nf3 d6 3. d4 cxd4 4. Nxd4 Nf6 5. Nc3 a6 6. Bg5 e6 7. f4 Be7 8. Qf3
Nbd7 9. O-O-O Qc7 10. g4 b5 11. Bxf6 Nxf6 12. g5 Nd7 13. f5 Bxg5+ 14. Kb1 Ne5
15. Qh5 Qe7 16. h4 Bf6 17. fxe6 g6 18. exf7+ Qxf7 19. Qh6 Bg7 20. Qg5 Bg4 21.
Be2 h6 22. Qe3 O-O 23. Rdf1 Qa7 24. Qd2 Bxe2 25. Ndxe2 Nc4 26. Qd5+ Kh7 27. h5
g5 28. Qe6 Nd2+ 29. Kc1 Nxf1 0-1

[Event "XV C.to Mondiale Seniores Over 65"]
[Site "Acqui Terme ITA"]
[Date "2015.11.20"]
[Round "10"]
[White "Pritchett, Craig W"]
[Black "Singer, Hans"]
[WhiteElo "2334"]
[BlackElo "2208"]
[Result "1-0"]
[PlyCount "77"]
[EventDate "2015.11.10"]

1. e4 e5 2. Nf3 Nc6 3. Bb5 Bc5 4. c3 Nf6 5. d3 Qe7 6. O-O O-O 7. Bg5 d6 8. Nbd2
Bd7 9. Ba4 h6 10. Bh4 a6 11. Re1 Ba7 12. Nf1 b5 13. Bc2 Nd8 14. d4 g5 15. Bg3
Nc6 16. Ne3 Rae8 17. Nd5 Qd8 18. dxe5 Nxd5 19. exd5 Nxe5 20. Nxe5 dxe5 21. Qd3
e4 22. Rxe4 Rxe4 23. Qxe4 f5 24. Qd3 Re8 25. d6 c6 26. Kf1 Qf6 27. f3 Kf8 28.
Bf2 Bxf2 29. Kxf2 Qe5 30. g3 Qc5+ 31. Qd4 Qxd4+ 32. cxd4 Be6 33. Re1 Bxa2 34.
d7 Rd8 35. Bxf5 Bd5 36. Ra1 Ke7 37. Rxa6 Rf8 38. g4 Rf6 39. Ra8 1-0

[Event "XV C.to Mondiale Seniores Over 65"]
[Site "Acqui Terme ITA"]
[Date "2015.11.20"]
[Round "10"]
[White "Rooze, Jan"]
[Black "Butnorius, Algimantas"]
[WhiteElo "2262"]
[BlackElo "2360"]
[Result "0-1"]
[PlyCount "112"]
[EventDate "2015.11.10"]

1. e4 c5 2. Nf3 Nc6 3. Bb5 d6 4. O-O Bd7 5. Re1 a6 6. Bxc6 Bxc6 7. d4 cxd4 8.
Nxd4 Nf6 9. Nxc6 bxc6 10. c4 e6 11. Qa4 Qc7 12. Bf4 Nd7 13. Nd2 Be7 14. Nb3 e5
15. Be3 O-O 16. Qa5 Qb7 17. Red1 Nf6 18. f3 Rab8 19. Rd3 d5 20. exd5 cxd5 21.
cxd5 Bb4 22. Qa4 Nxd5 23. Bf2 Nf6 24. Rad1 Rfe8 25. Kh1 e4 26. fxe4 Nxe4 27.
Bg1 Nf6 28. Nd4 Bf8 29. b3 Rbc8 30. Nf3 h6 31. Re1 Rxe1 32. Nxe1 Rc1 33. Qa5
Qe4 34. Re3 Qb1 35. h3 Kh7 36. Re2 Bd6 37. Qd2 Bg3 38. Qd3+ Qxd3 39. Nxd3 Rd1
40. Re3 Bd6 41. g4 h5 42. Nf2 Ra1 43. Rf3 hxg4 44. hxg4 Kg6 45. Rc3 Rxa2 46.
Rc6 Bf4 47. Nd3 Kg5 48. Rc4 Bg3 49. Be3+ Kg6 50. Rc6 Kh7 51. g5 Ng4 52. Bf4
Bxf4 53. Nxf4 Ne5 54. Rc3 Rf2 55. Rh3+ Kg8 56. Re3 Nf3 0-1

[Event "XV C.to Mondiale Seniores Over 65"]
[Site "Acqui Terme ITA"]
[Date "2015.11.20"]
[Round "10"]
[White "Sprotte, Norbert"]
[Black "Shvedchikov, Anatoli I"]
[WhiteElo "2202"]
[BlackElo "2310"]
[Result "1/2-1/2"]
[PlyCount "81"]
[EventDate "2015.11.10"]

1. d4 Nf6 2. Nf3 e6 3. e3 c5 4. Bd3 Nc6 5. O-O d5 6. b3 Bd6 7. Bb2 O-O 8. c4
cxd4 9. exd4 b6 10. Nbd2 Bb7 11. Ne5 dxc4 12. Ndxc4 Nb4 13. Nxd6 Qxd6 14. Be2
Rfd8 15. Bf3 Bxf3 16. Qxf3 Rac8 17. Rac1 Nbd5 18. g3 Rc7 19. Rxc7 Qxc7 20. Rc1
Qb7 21. a3 Rc8 22. Rxc8+ Qxc8 23. Qd3 Qb7 24. Qc4 Ne4 25. Bc1 Nd6 26. Qc6 Qxc6
27. Nxc6 Nc8 28. Ne5 f6 29. Nc4 Kf7 30. Kf1 Ke7 31. Ke2 Kd7 32. Kd3 Nce7 33.
Bd2 Nc6 34. Ne3 Nce7 35. Nc4 Kc6 36. Ne3 Nc8 37. Nc2 Nce7 38. Ne3 a6 39. Nc2
Nc7 40. Nb4+ Kd7 41. Nc2 1/2-1/2

[Event "XV C.to Mondiale Seniores Over 65"]
[Site "Acqui Terme ITA"]
[Date "2015.11.20"]
[Round "10"]
[White "Vaisser, Anatoly"]
[Black "Zhelnin, Vladimir V"]
[WhiteElo "2505"]
[BlackElo "2469"]
[Result "1-0"]
[PlyCount "112"]
[EventDate "2015.11.10"]

1. d4 d6 2. e4 Nf6 3. Nc3 e5 4. dxe5 dxe5 5. Qxd8+ Kxd8 6. Bc4 Be6 7. Bxe6 fxe6
8. f3 Nbd7 9. Nge2 Bc5 10. Na4 Bd6 11. Be3 b5 12. Nac3 a6 13. a4 Rb8 14. axb5
axb5 15. Nc1 Ke7 16. Ke2 Rhc8 17. Ra6 c6 18. Nb3 Ra8 19. Rha1 Rxa6 20. Rxa6 Nb8
21. Ra8 Nfd7 22. Na5 Bb4 23. Na2 Bxa5 24. Rxa5 Kd6 25. Nc1 Rc7 26. Nd3 Rb7 27.
b4 Ke7 28. Ba7 Kd6 29. Kd1 Kc7 30. Kc1 Kd6 31. Kb1 Ke7 32. Ka2 Kf6 33. Kb3 h5
34. h4 g5 35. hxg5+ Kxg5 36. Ra1 Kf6 37. Bf2 c5 38. bxc5 Nc6 39. c3 Ndb8 40.
Bh4+ Kg6 41. Ra8 Kg7 42. Nb4 Nxb4 43. Kxb4 Nc6+ 44. Kb3 b4 45. Ra6 bxc3+ 46.
Kxc3 Nd4 47. Bf2 Rb3+ 48. Kc4 Rb2 49. Bxd4 exd4 50. Kxd4 Rxg2 51. Ke5 h4 52.
Ra1 h3 53. Rh1 h2 54. Kxe6 Rc2 55. Kf5 Kf7 56. Kg4 Rg2+ 1-0

[Event "XV C.to Mondiale Seniores Over 65"]
[Site "Acqui Terme ITA"]
[Date "2015.11.20"]
[Round "10"]
[White "Van Riemsdijk, Herman C"]
[Black "Bogdanov, Valentin"]
[WhiteElo "2318"]
[BlackElo "2374"]
[Result "0-1"]
[PlyCount "50"]
[EventDate "2015.11.10"]

1. e4 Nf6 2. e5 Nd5 3. d4 d6 4. Nf3 dxe5 5. c4 e4 6. cxd5 exf3 7. Qxf3 g6 8.
Bb5+ Bd7 9. Bc4 Bg7 10. O-O O-O 11. Nc3 c6 12. Bg5 h6 13. Bh4 cxd5 14. Bxd5 Bc6
15. Rad1 g5 16. Bg3 Bxd5 17. Nxd5 Nc6 18. Nc3 Qb6 19. Nd5 Qxb2 20. Rb1 Qxa2 21.
Rxb7 Nxd4 22. Nxe7+ Kh8 23. Qg4 Qe2 24. Qd7 Qd3 25. Rfb1 Rad8 0-1

[Event "XV C.to Mondiale Seniores Over 65"]
[Site "Acqui Terme ITA"]
[Date "2015.11.20"]
[Round "10"]
[White "Vasiukov, Evgeni"]
[Black "Maryasin, Boris"]
[WhiteElo "2392"]
[BlackElo "2335"]
[Result "1-0"]
[PlyCount "115"]
[EventDate "2015.11.10"]

1. e4 c5 2. Nf3 e6 3. c3 Nf6 4. Bd3 Nc6 5. O-O Qc7 6. Re1 b6 7. Bf1 e5 8. Na3
Bb7 9. d4 d6 10. Bg5 Nd7 11. Nb5 Qb8 12. dxc5 Nxc5 13. b4 Ne6 14. Qd2 a6 15.
Na3 Be7 16. Bxe7 Nxe7 17. Rad1 Nc8 18. Ng5 Nxg5 19. Qxg5 O-O 20. Bc4 Qc7 21.
Rd3 Ne7 22. h4 h6 23. Qh5 Kh7 24. Bb3 f5 25. Nc4 Bxe4 26. Rxe4 fxe4 27. Rxd6 b5
28. Qxe5 bxc4 29. Rxh6+ Kxh6 30. Qxc7 cxb3 31. Qxe7 bxa2 32. Qg5+ Kh7 33. Qh5+
Kg8 34. Qd5+ Kh8 35. Qh5+ Kg8 36. Qd5+ Kh8 37. Qxa2 Rf6 38. Qd5 Raf8 39. Qc5
Rf5 40. Qd4 Rf4 41. g3 Rf3 42. Kg2 R8f6 43. c4 R3f5 44. c5 Rf3 45. Qd8+ Rf8 46.
Qd2 R3f6 47. Qc2 Re8 48. Qe2 Re5 49. Qb2 Re8 50. Qd4 Ref8 51. h5 Re8 52. Kh3
Ref8 53. Qxe4 Rxf2 54. Qb7 R8f6 55. Qa8+ Kh7 56. Qe4+ Kh6 57. c6 R2f3 58. Qc4
1-0

[Event "XV C.to Mondiale Seniores Over 65"]
[Site "Acqui Terme ITA"]
[Date "2015.11.20"]
[Round "10"]
[White "Werner, Clemens"]
[Black "Simon Padros, Emilio"]
[WhiteElo "2329"]
[BlackElo "2188"]
[Result "1/2-1/2"]
[PlyCount "48"]
[EventDate "2015.11.10"]

1. Nf3 Nf6 2. d4 g6 3. Bf4 Bg7 4. Nbd2 d6 5. h3 O-O 6. e4 Nbd7 7. Bc4 c6 8. O-O
Nh5 9. Bh2 e5 10. c3 Qe7 11. Bb3 Nf4 12. Bxf4 exf4 13. Re1 h6 14. a4 b6 15. Nc4
Ba6 16. Qd2 g5 17. Rad1 Rad8 18. Qc2 Rfe8 19. Ba2 Nf8 20. e5 Bxc4 21. exd6 Qxd6
22. Bxc4 Ng6 23. Ne5 Nxe5 24. dxe5 Rxe5 1/2-1/2

[Event "XV C.to Mondiale Seniores Over 65"]
[Site "Acqui Terme ITA"]
[Date "2015.11.21"]
[Round "11"]
[White "Aparicio, Anibal"]
[Black "Balashov, Yuri S"]
[WhiteElo "2221"]
[BlackElo "2418"]
[Result "1/2-1/2"]
[PlyCount "150"]
[EventDate "2015.11.10"]

1. d4 Nf6 2. Nf3 g6 3. c4 Bg7 4. Nc3 O-O 5. e4 d6 6. Be2 Nbd7 7. h3 e5 8. d5
Nc5 9. Qc2 a5 10. g4 c6 11. Be3 a4 12. Nd2 Qa5 13. O-O Bd7 14. Rab1 cxd5 15.
cxd5 b5 16. f3 b4 17. Nc4 Qc7 18. Nd1 b3 19. axb3 Nxb3 20. Na3 Qb8 21. Nc3 Nd4
22. Qd1 Ne8 23. Bc4 f5 24. Kg2 Nc7 25. Ne2 Nb3 26. Nc3 Na6 27. Bxb3 axb3 28.
Nc4 fxg4 29. fxg4 Rxf1 30. Qxf1 Nb4 31. Nb6 Nc2 32. Bf2 Ra7 33. Qc4 Nd4 34.
Nxd7 Rxd7 35. Be3 Rc7 36. Qd3 h5 37. g5 Nc2 38. Kg3 Rf7 39. Ne2 Bf8 40. Ng1 Be7
41. Nf3 Kg7 42. Bd2 Bd8 43. Kg2 Rb7 44. Rf1 Qc7 45. Nh4 Nd4 46. Rc1 Qd7 47. Nf3
Bb6 48. Rf1 Qb5 49. Qxb5 Nxb5 50. Rc1 Rf7 51. Rc6 Bc5 52. Ba5 Rf4 53. Bd8 Rxe4
54. Bf6+ Kf7 55. Nxe5+ dxe5 56. Rxc5 Nd6 57. Rc7+ Kg8 58. Rc6 Nf5 59. d6 Re2+
60. Kg1 Rd2 61. Bxe5 Kf7 62. Rb6 Ke6 63. Bf6 Rd3 64. Bc3 Rxh3 65. d7+ Kxd7 66.
Rxg6 Rg3+ 67. Kf2 h4 68. Be5 Re3 69. Bf4 Re6 70. Rg8 Re8 71. Rxe8 Kxe8 72. Ke2
Kf7 73. Kd3 h3 74. Kc3 Ne3 75. Kxb3 Nd1 1/2-1/2

[Event "XV C.to Mondiale Seniores Over 65"]
[Site "Acqui Terme ITA"]
[Date "2015.11.21"]
[Round "11"]
[White "Bogdanov, Valentin"]
[Black "Pritchett, Craig W"]
[WhiteElo "2374"]
[BlackElo "2334"]
[Result "1-0"]
[PlyCount "145"]
[EventDate "2015.11.10"]

1. d4 Nf6 2. c4 e6 3. Nf3 Bb4+ 4. Bd2 Qe7 5. g3 Bxd2+ 6. Qxd2 Nc6 7. Nc3 d5 8.
cxd5 exd5 9. Bg2 O-O 10. O-O Rd8 11. Rac1 Be6 12. Qf4 a6 13. Rfd1 Rac8 14. Ne5
Na7 15. g4 Nb5 16. Nxb5 axb5 17. h3 c6 18. Qd2 Ne4 19. Qe1 f6 20. Nd3 Bf7 21.
Nc5 b6 22. Nxe4 dxe4 23. b3 Bd5 24. Qd2 c5 25. Qe3 c4 26. f3 Re8 27. fxe4 Bxe4
28. Qxe4 Qxe4 29. Bxe4 Rxe4 30. Kf2 Kf7 31. Rc2 Ke6 32. a4 Kd5 33. e3 bxa4 34.
bxa4 Ra8 35. Rb1 Rxa4 36. Rxb6 Ra3 37. Rb5+ Kd6 38. Re2 c3 39. Rc2 Re7 40. Rc5
Rc7 41. Rxc7 Kxc7 42. Ke2 Kd6 43. e4 Ra4 44. Ke3 Ra1 45. Rxc3 Re1+ 46. Kf4 g5+
47. Kf3 Rh1 48. Ke2 Rh2+ 49. Kd1 Rh1+ 50. Kc2 Rh2+ 51. Kb3 Re2 52. Kc4 Rxe4 53.
Ra3 Re1 54. Ra6+ Ke7 55. Kd5 Kf7 56. Ra3 Rd1 57. Kc5 Kg6 58. d5 Rc1+ 59. Kb5
Rd1 60. Kc6 f5 61. d6 Rc1+ 62. Kd7 f4 63. Kd8 Kf6 64. d7 Rd1 65. Ra6+ Ke5 66.
Ke7 Rxd7+ 67. Kxd7 f3 68. Ke7 Kf4 69. Kf6 f2 70. Ra5 h6 71. Rf5+ Kg3 72. Rxf2
Kxh3 73. Kf5 1-0

[Event "XV C.to Mondiale Seniores Over 65"]
[Site "Acqui Terme ITA"]
[Date "2015.11.21"]
[Round "11"]
[White "Butnorius, Algimantas"]
[Black "Vaisser, Anatoly"]
[WhiteElo "2360"]
[BlackElo "2505"]
[Result "1/2-1/2"]
[PlyCount "138"]
[EventDate "2015.11.10"]

1. d4 f5 2. Nf3 e6 3. g3 d5 4. Bg2 Bd6 5. O-O Nf6 6. c4 c6 7. b3 Qe7 8. Bb2 O-O
9. Ne5 Nbd7 10. Nd2 a5 11. Ndf3 a4 12. Rc1 Ne4 13. Qc2 Nxe5 14. Nxe5 Bxe5 15.
dxe5 Bd7 16. c5 b6 17. b4 bxc5 18. f3 Ng5 19. Qxc5 Qxc5+ 20. Rxc5 a3 21. Bc3
Rfb8 22. Rb1 Nf7 23. Rb3 Nd8 24. Bd2 Bc8 25. e3 Ba6 26. Rxa3 Bb5 27. Rcc3 Ba4
28. Rc1 Bb5 29. Rxa8 Rxa8 30. Ra1 Ra3 31. Bc1 Ra4 32. a3 Kf8 33. Bb2 Ke8 34.
Rc1 Kd7 35. Kf2 Nb7 36. e4 fxe4 37. fxe4 d4 38. Bf3 Ra8 39. Be2 Bxe2 40. Kxe2
c5 41. Kd3 Rf8 42. bxc5 Rf3+ 43. Kxd4 Na5 44. c6+ Nxc6+ 45. Kc5 Rb3 46. Rc2 Na5
47. Rd2+ Kc7 48. Rf2 Nb7+ 49. Kd4 Kc6 50. Bc1 Nc5 51. Kc4 Rb7 52. Rb2 Ra7 53.
Be3 Ra5 54. Bxc5 Rxc5+ 55. Kd4 Ra5 56. Rc2+ Kb6 57. Rc3 Kb7 58. Rf3 Kb6 59. Rf7
Ra4+ 60. Kc3 Rxa3+ 61. Kb4 Re3 62. Rxg7 Rxe4+ 63. Kc3 h5 64. Rg5 h4 65. Kd3 Ra4
66. Rg6 Kc5 67. Rxe6 hxg3 68. hxg3 Kd5 69. Rg6 Kxe5 1/2-1/2

[Event "XV C.to Mondiale Seniores Over 65"]
[Site "Acqui Terme ITA"]
[Date "2015.11.21"]
[Round "11"]
[White "Gutkin, Boris"]
[Black "Boehnisch, Manfred"]
[WhiteElo "2311"]
[BlackElo "2291"]
[Result "1/2-1/2"]
[PlyCount "85"]
[EventDate "2015.11.10"]

1. Nf3 d5 2. d4 Nf6 3. c4 c6 4. Nc3 dxc4 5. a4 Bf5 6. e3 e6 7. Bxc4 Bb4 8. O-O
Nbd7 9. Qe2 Bg4 10. Rd1 Bxc3 11. bxc3 Ne4 12. Qc2 Ng5 13. Be2 Bxf3 14. Bxf3
Nxf3+ 15. gxf3 O-O 16. Ba3 Re8 17. c4 Qf6 18. Qe4 Nb6 19. a5 Nxc4 20. a6 bxa6
21. Qxc6 Rac8 22. Qe4 Red8 23. f4 h6 24. Bc5 Nd6 25. Bxd6 Rxd6 26. Ra5 Qh4 27.
Qf3 Rb8 28. Rda1 Qf6 29. Qe4 Rbb6 30. Kg2 Qd8 31. R1a2 g6 32. h3 Qc8 33. Rc5
Rdc6 34. Rac2 Rxc5 35. dxc5 Qc6 36. Kf3 Qxe4+ 37. Kxe4 Rc6 38. Kd4 Kf8 39. Rb2
Rc7 40. Ra2 Rc6 41. Rb2 Rc7 42. Ra2 Rc6 43. Rb2 1/2-1/2

[Event "XV C.to Mondiale Seniores Over 65"]
[Site "Acqui Terme ITA"]
[Date "2015.11.21"]
[Round "11"]
[White "Karasev, Vladimir I"]
[Black "Harandi, Khosro"]
[WhiteElo "2344"]
[BlackElo "2366"]
[Result "1/2-1/2"]
[PlyCount "89"]
[EventDate "2015.11.10"]

1. Nf3 Nf6 2. c4 e6 3. g3 d5 4. Bg2 Be7 5. O-O O-O 6. d4 dxc4 7. Qa4 a6 8. Qxc4
b5 9. Qb3 Bb7 10. Nc3 c5 11. dxc5 Bxc5 12. Bg5 Nbd7 13. Rad1 Qb6 14. e4 h6 15.
Bc1 Rad8 16. Rde1 Ng4 17. Qc2 Bc6 18. h3 Nge5 19. Nxe5 Nxe5 20. Be3 Bxe3 21.
Rxe3 Nc4 22. Re2 b4 23. Na4 Qd4 24. b3 Ne5 25. Nb2 Bb5 26. Rd1 Qb6 27. Rxd8
Rxd8 28. Rd2 Rxd2 29. Qxd2 a5 30. Kh2 Nc6 31. Bf3 Nd4 32. Bd1 e5 33. Nd3 Bxd3
34. Qxd3 Qc6 35. Kg2 Qb5 36. Be2 Qxd3 37. Bxd3 Kf8 38. f4 Ke7 39. fxe5 Nc6 40.
Kf2 Nxe5 41. Ke3 Kd6 42. Kd4 Nc6+ 43. Kc4 Ne5+ 44. Kd4 Nc6+ 45. Kc4 1/2-1/2

[Event "XV C.to Mondiale Seniores Over 65"]
[Site "Acqui Terme ITA"]
[Date "2015.11.21"]
[Round "11"]
[White "Kierzek, Matthias"]
[Black "Werner, Clemens"]
[WhiteElo "2234"]
[BlackElo "2329"]
[Result "1/2-1/2"]
[PlyCount "31"]
[EventDate "2015.11.10"]

1. d4 Nf6 2. c4 g6 3. Nc3 Bg7 4. e4 O-O 5. Nf3 d6 6. Be2 c5 7. d5 e6 8. O-O
exd5 9. exd5 Re8 10. Re1 Bf5 11. Bd3 Rxe1+ 12. Nxe1 Bxd3 13. Nxd3 Nbd7 14. Bf4
Nb6 15. b3 Nh5 16. Bd2 1/2-1/2

[Event "XV C.to Mondiale Seniores Over 65"]
[Site "Acqui Terme ITA"]
[Date "2015.11.21"]
[Round "11"]
[White "Kupreichik, Viktor D"]
[Black "Pushkov, Nikolai"]
[WhiteElo "2369"]
[BlackElo "2317"]
[Result "1-0"]
[PlyCount "83"]
[EventDate "2015.11.10"]

1. e4 e6 2. d4 d5 3. e5 c5 4. c3 Qb6 5. Bd3 cxd4 6. cxd4 Bd7 7. Ne2 Bb5 8.
Bxb5+ Qxb5 9. O-O Nc6 10. Nbc3 Qa6 11. f4 Nge7 12. a4 Qb6 13. g4 a6 14. f5
O-O-O 15. fxe6 fxe6 16. a5 Nxa5 17. Bg5 Re8 18. Na4 Qb5 19. b4 Nc4 20. Nec3 Qc6
21. Qb3 Kb8 22. b5 axb5 23. Nxb5 Nc8 24. Rfb1 h6 25. Qa2 Qa6 26. Qc2 Qc6 27.
Bf4 Be7 28. Nd6 N8xd6 29. exd6 Bxd6 30. Bxd6+ Qxd6 31. Nc5 Re7 32. Qa4 Kc8 33.
Qa8+ Qb8 34. Nxb7 Rxb7 35. Rxb7 Qxa8 36. Rxa8+ Kxb7 37. Rxh8 Kc6 38. Rh7 Ne3
39. Rxg7 Nc2 40. h4 Nxd4 41. g5 hxg5 42. h5 1-0

[Event "XV C.to Mondiale Seniores Over 65"]
[Site "Acqui Terme ITA"]
[Date "2015.11.21"]
[Round "11"]
[White "Zhelnin, Vladimir V"]
[Black "Gruzmann, Boris"]
[WhiteElo "2469"]
[BlackElo "2250"]
[Result "1-0"]
[PlyCount "107"]
[EventDate "2015.11.10"]

1. e4 e5 2. Nf3 Nc6 3. Bc4 Nf6 4. d3 Bc5 5. Nc3 d6 6. Bg5 h6 7. Bxf6 Qxf6 8.
Nd5 Qd8 9. c3 a6 10. d4 Ba7 11. dxe5 dxe5 12. Qe2 Bc5 13. O-O-O Bd6 14. Rd2 b5
15. Bb3 Na5 16. Nb6 Nxb3+ 17. axb3 Rb8 18. Nxc8 Qxc8 19. Kc2 O-O 20. Ra1 Rb6
21. Nh4 g6 22. g3 Kg7 23. Ng2 f5 24. Nh4 f4 25. Rg1 Be7 26. Nf3 fxg3 27. Rxg3
Re6 28. h4 Rf4 29. h5 g5 30. Nh2 Rd6 31. Ng4 Rxd2+ 32. Kxd2 Qf8 33. Rd3 Bd6 34.
f3 Qf7 35. Ne3 Qxb3 36. Kc1 Qf7 37. Nf5+ Rxf5 38. exf5 Qxf5 39. Qe4 Kf6 40. Qd5
Qf4+ 41. Kb1 Qc4 42. Qxc4 bxc4 43. Re3 Ke6 44. Re4 Kd5 45. Kc2 Bc5 46. Re1 a5
47. Kd2 Bb6 48. Ke2 e4 49. Rd1+ Ke5 50. Rd7 Kf4 51. Rf7+ Kg3 52. fxe4 Kg4 53.
e5 Kxh5 54. Rg7 1-0

[Event "XXV C.to Mondiale Seniores femminile Over 50"]
[Site "Acqui Terme ITA"]
[Date "2015.11.10"]
[Round "1"]
[White "Sazonova, Elena N"]
[Black "Strutinskaia, Galina"]
[WhiteElo "2098"]
[BlackElo "2227"]
[Result "1/2-1/2"]
[PlyCount "78"]
[EventDate "2015.11.10"]

1. e4 c5 2. Nf3 d6 3. d4 cxd4 4. Nxd4 Nf6 5. Nc3 a6 6. Be3 Ng4 7. Bc1 Nf6 8.
Be3 Ng4 9. Bc1 e5 10. Nb3 Qb6 11. Qe2 Be6 12. Nd5 Qd8 13. h3 Nf6 14. Bg5 Nbd7
15. g3 Rc8 16. Bg2 Be7 17. Be3 Nxd5 18. exd5 Bf5 19. c3 O-O 20. O-O h6 21. Kh2
Bg5 22. Bxg5 hxg5 23. g4 Bg6 24. Rad1 Qf6 25. Rfe1 Qf4+ 26. Kh1 f5 27. Nd4 exd4
28. Qe6+ Bf7 29. Qxd7 dxc3 30. bxc3 Rxc3 31. Qxf5 Qxf5 32. gxf5 Bh5 33. Rc1
Rxc1 34. Rxc1 Rxf5 35. Kg1 Re5 36. Rc7 Bf7 37. Rxb7 Bxd5 38. Rb6 Bxa2 39. Rxa6
Re1+ 1/2-1/2

[Event "XXV C.to Mondiale Seniores femminile Over 50"]
[Site "Acqui Terme ITA"]
[Date "2015.11.11"]
[Round "2"]
[White "Melashvili, Nino"]
[Black "Ankudinova, Yelena"]
[WhiteElo "2125"]
[BlackElo "2216"]
[Result "1-0"]
[PlyCount "55"]
[EventDate "2015.11.10"]

1. d4 d6 2. Nc3 g6 3. Bf4 Bg7 4. Qd2 Nd7 5. Nf3 c5 6. dxc5 Nxc5 7. e4 Qa5 8. e5
Bg4 9. Bb5+ Kf8 10. exd6 Bxf3 11. gxf3 Ne6 12. dxe7+ Nxe7 13. Bd6 Bxc3 14. Qxc3
Qxc3+ 15. bxc3 Rd8 16. O-O-O a6 17. Ba4 g5 18. Rhe1 Rg8 19. c4 Rg6 20. Ba3
Rxd1+ 21. Rxd1 f6 22. Rd7 Rg7 23. Rxb7 Nd4 24. Bd6 Ndf5 25. c5 Nxd6 26. cxd6
Nf5 27. Rb8+ Kf7 28. d7 1-0